Dialogue with Quazis : (Record no. 3531)
[ view plain ]
| 000 -LEADER | |
|---|---|
| fixed length control field | 00358nam a2200121 4500 |
| 008 - FIXED-LENGTH DATA ELEMENTS--GENERAL INFORMATION | |
| fixed length control field | 230910b2000 |||||||| |||| 00| 0 eng d |
| 080 ## - UNIVERSAL DECIMAL CLASSIFICATION NUMBER | |
| Classification Number | 346 |
| Call Number | DIA |
| 942 ## - ADDED ENTRY ELEMENTS (KOHA) | |
| Item Type | Reports |
| 245 ## - TITLE STATEMENT | |
| Title | Dialogue with Quazis : |
| Sub Title | A roport of a meeting with Quazis |
| 260 ## - PUBLICATION, DISTRIBUTION, ETC. (IMPRINT) | |
| Place of Publication | Colombo : |
| Name of Publisher | Muslim women's research and action forum |
| Date of Copyright | 2000 |
| 650 ## - SUBJECT ADDED ENTRY--TOPICAL TERM | |
| Topical Term | Quazis |
| 650 ## - SUBJECT ADDED ENTRY--TOPICAL TERM | |
| Topical Term | Dialogue with Quazis |
| Withdrawn status | Lost status | Damaged status | Not for loan | Collection code | Permanent location | Current location | Date acquired | Total Checkouts | Full call number | Barcode | Date last seen | Price effective from | Koha item type |
|---|---|---|---|---|---|---|---|---|---|---|---|---|---|
| MWRAF Publications | Resource center, Muslim Women's Research And Action Forum | Resource center, Muslim Women's Research And Action Forum | 2023-09-10 | 346 DIA | RAF1028 | 2023-09-10 | 2023-09-10 | Books | |||||
| MWRAF Publications | Resource center, Muslim Women's Research And Action Forum | Resource center, Muslim Women's Research And Action Forum | 2023-11-07 | 346 DIA | RAF2694 | 2023-11-07 | 2023-11-07 | Books | |||||
| MWRAF Publications | Resource center, Muslim Women's Research And Action Forum | Resource center, Muslim Women's Research And Action Forum | 2023-11-07 | 346 DIA | RAF2695 | 2023-11-07 | 2023-11-07 | Books |

